K otázce konkurenceschopnosti české ekonomiky
Medzinárodné porovnanie českej ekonomiky z hľadiska konkurencieschopnosti. Prednosti a nedostatky českej ekonomiky.
Enregistré dans:
| Auteur principal: | |
|---|---|
| Format: | Chapitre de livre |
| Langue: | tchèque |
| Sujets: | |
| Tags: |
Pas de tags, Soyez le premier à ajouter un tag!
|
MARC
| LEADER | 00000naa a2200000 4500 | ||
|---|---|---|---|
| 001 | r020800 | ||
| 005 | 20221208131010.5 | ||
| 041 | 0 | |a cze | |
| 044 | |a CZ | ||
| 245 | 1 | 0 | |a K otázce konkurenceschopnosti české ekonomiky |c Jiří Stýblo |
| 520 | |a Medzinárodné porovnanie českej ekonomiky z hľadiska konkurencieschopnosti. Prednosti a nedostatky českej ekonomiky. | ||
| 610 | 2 | 0 | |a konkurencieschopnosť |
| 610 | 2 | 0 | |a hospodárstvo národné |
| 610 | 2 | 0 | |a Česko |
| 610 | 2 | 0 | |a investície |
| 610 | 2 | 0 | |a investície zahraničné |
| 610 | 2 | 0 | |a privatizácia |
| 610 | 2 | 0 | |a fondy investičné |
| 610 | 2 | 0 | |a obchod zahraničný |
| 610 | 2 | 0 | |a porovnanie medzinárodné |
| 100 | 1 | |a Stýblo, Jiří | |